000 00324nam a2200121Ia 4500
005 20251222152041.0
008 251222s9999||||xx |||||||||||||| ||spa||
082 _a630.985 M61A
245 0 _aProducción agrícola 2009
250 _a1ra.ed.
264 _bEl deposito legal en la biblioteca Nacional del perú
942 _cLIB
999 _c26061
_d26061